[Event "Tradewise Gibraltar ChallWk1"]
[Site "Gibraltar"]
[Date "2017.01.23"]
[Round "1.1"]
[White "Eagleton, Greg T"]
[Black "Renteria, Jorge"]
[Result "0-1"]
[WhiteElo "2055"]
[BlackElo "2242"]
[PlyCount "75"]
[EventDate "2017.01.23"]
[EventType "swiss"]
[EventRounds "5"]
[EventCountry "GGB"]
[SourceTitle "BritBase"]
[Source "www.saund.co.uk"]
[SourceDate "2018.02.10"]
[SourceVersion "1"]
[SourceVersionDate "2018.02.10"]
[SourceQuality "1"]

1. d4 Nf6 2. Nf3 c5 3. d5 b5 4. Bg5 Qb6 5. a4 b4 6. Nbd2 Nxd5 7. e4 Nc7 8. Bd3
Ne6 9. Be3 g6 10. O-O Bg7 11. Nc4 Qc7 12. Qd2 O-O 13. h4 Ba6 14. Rab1 Nc6 15.
Ng5 Nxg5 16. hxg5 Rad8 17. Bf4 Qb7 18. Ne3 d6 19. Nd5 Bxd3 20. Qxd3 Nd4 21. c3
Ne6 22. Bd2 a5 23. f4 Rfe8 24. f5 Nc7 25. fxg6 fxg6 26. Qf3 Nxd5 27. Qf7+ Kh8
28. exd5 Qd7 29. Rbe1 Rf8 30. Qxe7 Rxf1+ 31. Kxf1 Qf5+ 32. Kg1 Rf8 33. Be3 bxc3
34. bxc3 Bxc3 35. Rc1 Be5 36. Qc7 Qe4 37. Bf2 Qf4 38. Kf1 0-1

[Event "Tradewise Gibraltar ChallWk1"]
[Site "Gibraltar"]
[Date "2017.01.23"]
[Round "1.2"]
[White "Meszaros, Andras"]
[Black "Usleber, Helmut"]
[Result "1-0"]
[WhiteElo "2240"]
[BlackElo "2052"]
[PlyCount "73"]
[EventDate "2017.01.23"]
[EventType "swiss"]
[EventRounds "5"]
[EventCountry "GGB"]
[SourceTitle "BritBase"]
[Source "www.saund.co.uk"]
[SourceDate "2018.02.10"]
[SourceVersion "1"]
[SourceVersionDate "2018.02.10"]
[SourceQuality "1"]

1. d4 f5 2. g3 Nf6 3. Bg2 g6 4. c3 Bg7 5. Nd2 d5 6. Nh3 e6 7. Nf4 O-O 8. Nf3
Nc6 9. Nd3 Ne4 10. h4 Qe7 11. Bf4 b6 12. Nde5 Nxe5 13. Nxe5 Bb7 14. Qa4 c5 15.
e3 Qe8 16. Qxe8 Rfxe8 17. Bf1 c4 18. f3 Nf6 19. b3 cxb3 20. axb3 Rec8 21. Kd2
Nh5 22. Be2 Nxf4 23. gxf4 Bxe5 24. fxe5 h5 25. Rhg1 Kf7 26. Ba6 Rab8 27. e4 Rc7
28. exf5 exf5 29. Be2 Bc8 30. f4 b5 31. Rg3 Rb6 32. Bf3 Rd7 33. Rag1 b4 34.
Rxg6 bxc3+ 35. Kc2 Rxg6 36. Bxh5 Kf8 37. Bxg6 1-0

[Event "Tradewise Gibraltar ChallWk1"]
[Site "Gibraltar"]
[Date "2017.01.23"]
[Round "1.3"]
[White "Carlsten, Peter"]
[Black "Vea, Odin Blikra"]
[Result "0-1"]
[WhiteElo "2047"]
[BlackElo "2234"]
[PlyCount "62"]
[EventDate "2017.01.23"]
[EventType "swiss"]
[EventRounds "5"]
[EventCountry "GGB"]
[SourceTitle "BritBase"]
[Source "www.saund.co.uk"]
[SourceDate "2018.02.10"]
[SourceVersion "1"]
[SourceVersionDate "2018.02.10"]
[SourceQuality "1"]

1. e4 c5 2. Nf3 d6 3. d4 cxd4 4. Nxd4 Nf6 5. Nc3 g6 6. Be3 Bg7 7. f3 O-O 8. Qd2
Nc6 9. O-O-O d5 10. exd5 Nxd5 11. Nxc6 bxc6 12. Nxd5 cxd5 13. Qxd5 Qc7 14. Qc5
Qb7 15. c3 Be6 16. Qa3 Rab8 17. Ba6 Qc7 18. Qc5 Qxc5 19. Bxc5 Bxa2 20. Rde1
Rfd8 21. Be3 Rd5 22. Rd1 Ra5 23. Bd3 Be6 24. Bf4 Ra1+ 25. Kc2 Bb3+ 26. Kd2
Rxd1+ 27. Rxd1 Rd8 28. Re1 Bc4 29. Re3 e5 30. Bg3 Bh6 31. f4 exf4 0-1

[Event "Tradewise Gibraltar ChallWk1"]
[Site "Gibraltar"]
[Date "2017.01.23"]
[Round "1.4"]
[White "Damia, Angelo"]
[Black "Van Dongen, Edwin"]
[Result "1-0"]
[WhiteElo "2233"]
[BlackElo "2043"]
[PlyCount "57"]
[EventDate "2017.01.23"]
[EventType "swiss"]
[EventRounds "5"]
[EventCountry "GGB"]
[SourceTitle "BritBase"]
[Source "www.saund.co.uk"]
[SourceDate "2018.02.10"]
[SourceVersion "1"]
[SourceVersionDate "2018.02.10"]
[SourceQuality "1"]

1. e4 d5 2. exd5 Qxd5 3. Nc3 Qa5 4. d4 Nf6 5. Nf3 c6 6. Ne5 Be6 7. Bc4 Bxc4 8.
Nxc4 Qc7 9. Qf3 e6 10. Bf4 Qd8 11. O-O-O Be7 12. Kb1 Nd5 13. Ne4 Nxf4 14. Qxf4
O-O 15. h4 Nd7 16. g4 Nf6 17. Ng5 Qe8 18. f3 Rd8 19. Ne5 Bd6 20. c4 Qe7 21. Ne4
Nxe4 22. Qxe4 Qc7 23. Nd3 Be7 24. g5 Rd7 25. Ne5 Rd6 26. f4 Rfd8 27. h5 c5 28.
g6 Bf6 29. gxf7+ 1-0

[Event "Tradewise Gibraltar ChallWk1"]
[Site "Gibraltar"]
[Date "2017.01.23"]
[Round "1.5"]
[White "Hamer, Martyn"]
[Black "Pinho, Paulo"]
[Result "0-1"]
[WhiteElo "2039"]
[BlackElo "2220"]
[PlyCount "66"]
[EventDate "2017.01.23"]
[EventType "swiss"]
[EventRounds "5"]
[EventCountry "GGB"]
[SourceTitle "BritBase"]
[Source "www.saund.co.uk"]
[SourceDate "2018.02.10"]
[SourceVersion "1"]
[SourceVersionDate "2018.02.10"]
[SourceQuality "1"]

1. d4 Nf6 2. c4 c5 3. d5 a6 4. Nc3 e5 5. g3 Bd6 6. Bg2 Bc7 7. e4 O-O 8. Nge2
Ba5 9. O-O d6 10. h3 Nbd7 11. Qd3 Ne8 12. a4 Nc7 13. g4 Re8 14. Ng3 Nf8 15.
Nce2 b5 16. axb5 axb5 17. b3 bxc4 18. bxc4 Na6 19. f4 Nb4 20. Qf3 Ng6 21. Nf5
Nc2 22. Ra2 Nd4 23. Nexd4 cxd4 24. fxe5 Nxe5 25. Qf4 Bxf5 26. gxf5 d3 27. Kh1
Nxc4 28. Bf3 d2 29. Bb2 Nxb2 30. Rxb2 Qf6 31. Rb7 Bc3 32. Rg1 Ra2 33. Bh5 Be5
0-1

[Event "Tradewise Gibraltar ChallWk1"]
[Site "Gibraltar"]
[Date "2017.01.23"]
[Round "1.6"]
[White "Galmandakh, Badrakh"]
[Black "Wilen, Eero"]
[Result "1-0"]
[WhiteElo "2215"]
[BlackElo "2035"]
[PlyCount "53"]
[EventDate "2017.01.23"]
[EventType "swiss"]
[EventRounds "5"]
[EventCountry "GGB"]
[SourceTitle "BritBase"]
[Source "www.saund.co.uk"]
[SourceDate "2018.02.10"]
[SourceVersion "1"]
[SourceVersionDate "2018.02.10"]
[SourceQuality "1"]

1. Nf3 c5 2. d3 d5 3. e4 dxe4 4. dxe4 Qxd1+ 5. Kxd1 Bg4 6. Be3 Nd7 7. Nbd2
O-O-O 8. c3 e6 9. Kc2 h6 10. a4 Ngf6 11. Ne1 Bh5 12. f3 Be7 13. Nc4 g5 14. h3
Bg6 15. Nd3 Bh7 16. Nde5 Nxe5 17. Nxe5 Nd5 18. Bd2 Rhf8 19. h4 Bd6 20. Nc4 Bf4
21. hxg5 Bxd2 22. Kxd2 h5 23. exd5 Rxd5+ 24. Ke3 Rxg5 25. Kf2 Rd8 26. Be2 Bc2
27. Ne3 1-0

[Event "Tradewise Gibraltar ChallWk1"]
[Site "Gibraltar"]
[Date "2017.01.23"]
[Round "1.7"]
[White "Lopez De Turiso, Jose Angel"]
[Black "Verneuil, Pascal"]
[Result "1/2-1/2"]
[WhiteElo "2019"]
[BlackElo "2215"]
[PlyCount "83"]
[EventDate "2017.01.23"]
[EventType "swiss"]
[EventRounds "5"]
[EventCountry "GGB"]
[SourceTitle "BritBase"]
[Source "www.saund.co.uk"]
[SourceDate "2018.02.10"]
[SourceVersion "1"]
[SourceVersionDate "2018.02.10"]
[SourceQuality "1"]

1. e4 c5 2. Nc3 e6 3. Nge2 Nc6 4. g3 a6 5. Bg2 b5 6. O-O Qb6 7. d3 Bb7 8. Be3
Nd4 9. Qd2 Nf6 10. Rae1 Be7 11. Nd1 Ng4 12. Bxd4 cxd4 13. h3 Nf6 14. f4 Nxe4
15. Bxe4 Bxe4 16. dxe4 d3+ 17. Kh2 dxe2 18. Rxe2 Rd8 19. Ne3 O-O 20. g4 Bc5 21.
Kg3 Qc6 22. Qd3 f6 23. c3 Qc7 24. Kg2 Ba7 25. Rf3 Qc5 26. c4 Rfe8 27. Rc2 bxc4
28. Qxc4 Qb6 29. Qc7 Qd4 30. Qc4 Qb6 31. Qc7 Qxc7 32. Rxc7 Bb8 33. Rc5 Rc8 34.
Rxc8 Rxc8 35. Rf2 Kf8 36. Kf3 Ke7 37. Rc2 Rf8 38. Rc5 Ba7 39. Ra5 Bxe3 40. Kxe3
Rb8 41. b3 Rb6 42. Kd4 1/2-1/2

[Event "Tradewise Gibraltar ChallWk1"]
[Site "Gibraltar"]
[Date "2017.01.23"]
[Round "1.8"]
[White "Madina Yadarola, Martin"]
[Black "Bernstein, Nathan"]
[Result "1-0"]
[WhiteElo "2214"]
[BlackElo "2015"]
[PlyCount "63"]
[EventDate "2017.01.23"]
[EventType "swiss"]
[EventRounds "5"]
[EventCountry "GGB"]
[SourceTitle "BritBase"]
[Source "www.saund.co.uk"]
[SourceDate "2018.02.10"]
[SourceVersion "1"]
[SourceVersionDate "2018.02.10"]
[SourceQuality "1"]

1. e4 e6 2. d4 d5 3. Nc3 c6 4. e5 b6 5. Nf3 Ba6 6. Bxa6 Nxa6 7. O-O Ne7 8. Ne2
Nc7 9. Nf4 h5 10. h4 Nf5 11. g3 Be7 12. Ng2 Qd7 13. a4 O-O-O 14. b3 Kb7 15. Re1
c5 16. c3 cxd4 17. Nxd4 Nxd4 18. Qxd4 f5 19. Bg5 Bc5 20. Qd2 Rc8 21. Nf4 Qf7
22. Qe2 g6 23. c4 d4 24. a5 bxa5 25. Red1 Bb4 26. Rxd4 Bc3 27. Qf3+ Kb8 28.
Qxc3 Nb5 29. Qd2 Nxd4 30. Qxd4 Rc7 31. Qd6 Re8 32. Bd8 1-0

[Event "Tradewise Gibraltar ChallWk1"]
[Site "Gibraltar"]
[Date "2017.01.23"]
[Round "1.9"]
[White "Suez-Panama, Gilles"]
[Black "Villar Reymundo, Juan Antonio"]
[Result "0-1"]
[WhiteElo "2010"]
[BlackElo "2212"]
[PlyCount "144"]
[EventDate "2017.01.23"]
[EventType "swiss"]
[EventRounds "5"]
[EventCountry "GGB"]
[SourceTitle "BritBase"]
[Source "www.saund.co.uk"]
[SourceDate "2018.02.10"]
[SourceVersion "1"]
[SourceVersionDate "2018.02.10"]
[SourceQuality "1"]

1. d4 Nf6 2. Nf3 e6 3. c4 b6 4. a3 Ba6 5. Qa4 Be7 6. Nc3 Bb7 7. Bg5 c5 8. O-O-O
O-O 9. Qc2 cxd4 10. Nxd4 d5 11. Kb1 Ng4 12. Bxe7 Qxe7 13. e3 dxc4 14. Bxc4 Ne5
15. Be2 Nbc6 16. f4 Nxd4 17. exd4 Ng6 18. Bd3 Rfd8 19. f5 exf5 20. Bxf5 b5 21.
h4 b4 22. axb4 Qxb4 23. h5 Nf8 24. d5 Rab8 25. g3 Qa5 26. Be4 Rd6 27. Rh2 Rb6
28. Kc1 Bc8 29. Qa4 Qc5 30. Qd4 Qa5 31. Qa4 Qc5 32. Qd4 Qa5 33. Qa4 Qxa4 34.
Nxa4 Rb4 35. Nc3 Nd7 36. Bf5 Nf6 37. Bxc8 Rxc8 38. d6 Rb6 39. Rh4 Rd8 40. Ne4
Nxe4 41. Rxe4 Kf8 42. d7 Re6 43. Ra4 a6 44. Rc4 Ke7 45. Rc7 Rd6 46. Rxd6 Kxd6
47. Ra7 Rxd7 48. Rxa6+ Ke5 49. Kc2 Kf5 50. Ra4 Kg5 51. g4 f5 52. gxf5 Kxh5 53.
Rc4 Kg5 54. Rc5 Rf7 55. b4 Rxf5 56. Rc7 Kg6 57. Kd3 h5 58. Ke4 Rb5 59. Rc4 Kh6
60. Kd4 h4 61. Rc6+ g6 62. Kc4 Rb8 63. b5 Kh5 64. Rc7 h3 65. Kc5 g5 66. Rh7+
Kg4 67. b6 Kg3 68. Kc6 h2 69. Kc7 Rg8 70. b7 Kg2 71. b8=Q Rxb8 72. Kxb8 h1=Q
0-1

[Event "Tradewise Gibraltar ChallWk1"]
[Site "Gibraltar"]
[Date "2017.01.23"]
[Round "1.10"]
[White "Kulkarni, Chinmay"]
[Black "Byrn, Carsten"]
[Result "1/2-1/2"]
[WhiteElo "2208"]
[BlackElo "2003"]
[PlyCount "86"]
[EventDate "2017.01.23"]
[EventType "swiss"]
[EventRounds "5"]
[EventCountry "GGB"]
[SourceTitle "BritBase"]
[Source "www.saund.co.uk"]
[SourceDate "2018.02.10"]
[SourceVersion "1"]
[SourceVersionDate "2018.02.10"]
[SourceQuality "1"]

1. Nf3 f5 2. d4 Nf6 3. g3 d6 4. Bg2 g6 5. O-O Bg7 6. c4 O-O 7. Nc3 c6 8. d5 e5
9. dxe6 Bxe6 10. Bf4 Bxc4 11. Bxd6 Re8 12. Rc1 Nbd7 13. b3 Bf7 14. Ng5 Nb6 15.
e4 Nxe4 16. Ncxe4 fxe4 17. Nxf7 Kxf7 18. Re1 Nd5 19. Bc5 Qf6 20. Rxe4 Rxe4 21.
Bxe4 Rd8 22. Qc2 b6 23. Ba3 c5 24. h4 Nc3 25. Bb2 Ne2+ 26. Qxe2 Qxb2 27. Rc2
Qd4 28. Kg2 Re8 29. Rc4 Qd6 30. Qf3+ Bf6 31. h5 Kg7 32. hxg6 hxg6 33. Qg4 Bd4
34. b4 Qe6 35. Qxe6 Rxe6 36. bxc5 Bxc5 37. a4 a5 38. f3 Rd6 39. Kh3 Rd4 40.
Rxd4 Bxd4 41. Kg4 Kf6 42. Bd3 g5 43. Bb5 Bc5 1/2-1/2

[Event "Tradewise Gibraltar ChallWk1"]
[Site "Gibraltar"]
[Date "2017.01.23"]
[Round "1.11"]
[White "Mottonen, Ari"]
[Black "Carrascoso Morales, Abel"]
[Result "1/2-1/2"]
[WhiteElo "1997"]
[BlackElo "2200"]
[PlyCount "206"]
[EventDate "2017.01.23"]
[EventType "swiss"]
[EventRounds "5"]
[EventCountry "GGB"]
[SourceTitle "BritBase"]
[Source "www.saund.co.uk"]
[SourceDate "2018.02.10"]
[SourceVersion "1"]
[SourceVersionDate "2018.02.10"]
[SourceQuality "1"]

1. Nf3 Nf6 2. g3 g6 3. Bg2 Bg7 4. O-O O-O 5. d4 d6 6. c4 Nc6 7. Nc3 a6 8. h3
Bd7 9. e4 e5 10. dxe5 dxe5 11. Bg5 h6 12. Be3 Qc8 13. Kh2 Be6 14. Qe2 Nd4 15.
Bxd4 exd4 16. Nd5 Nxd5 17. cxd5 Bd7 18. Rfd1 Bb5 19. Qd2 c5 20. dxc6 Bxc6 21.
Nxd4 Ba4 22. Nb3 Rd8 23. Qb4 b5 24. Rdc1 Qd7 25. Nc5 Qd2 26. Qxd2 Rxd2 27. b3
Bxa1 28. Rxa1 Rc8 29. Nxa6 Rxf2 30. Nb4 Rb2 31. Rd1 Bxb3 32. axb3 Rxb3 33. Rd4
Rb2 34. h4 h5 35. e5 Kg7 36. Nd5 Rcc2 37. Nf4 Rd2 38. Rxd2 Rxd2 39. Kg1 b4 40.
Bd5 Rd1+ 41. Kf2 Rb1 42. Ke3 b3 43. Kd2 b2 44. Kc2 Rg1 45. Kxb2 Rxg3 46. e6
fxe6 47. Nxe6+ Kf6 48. Ng5 Kf5 49. Be4+ Kg4 50. Bxg6 Kxh4 51. Bxh5 Kxh5 52. Ne4
Re3 53. Nc3 Kg4 54. Kc2 Kf5 55. Nd1 Rg3 56. Nc3 Ke5 57. Nd1 Kd4 58. Kd2 Rg2+
59. Kc1 Kd3 60. Nb2+ Kc3 61. Nd1+ Kb3 62. Ne3 Re2 63. Nd1 Rc2+ 64. Kb1 Ra2 65.
Kc1 Rc2+ 66. Kb1 Rc8 67. Ne3 Kc3 68. Nd1+ Kd2 69. Nb2 Ra8 70. Nc4+ Kc3 71. Ne3
Rd8 72. Kc1 Rh8 73. Nd1+ Kd3 74. Nb2+ Kd4 75. Nd1 Rh2 76. Nb2 Kc3 77. Nd1+ Kb3
78. Ne3 Re2 79. Nd1 Rc2+ 80. Kb1 Rc8 81. Ne3 Rc5 82. Nd1 Rc7 83. Ne3 Rc3 84.
Nd1 Rc2 85. Ne3 Rc5 86. Nd1 Kc4 87. Kc2 Kd4+ 88. Kd2 Ra5 89. Kc2 Ra2+ 90. Kb1
Rd2 91. Kc1 Re2 92. Nb2 Kc3 93. Nd1+ Kb3 94. Kb1 Rc2 95. Ne3 Rc5 96. Nd1 Rc8
97. Ne3 Kc3 98. Nd1+ Kb3 99. Ne3 Rb8 100. Kc1 Rd8 101. Nd1 Rd3 102. Nf2 Rd7
103. Nd1 Rd6 1/2-1/2

[Event "Tradewise Gibraltar ChallWk1"]
[Site "Gibraltar"]
[Date "2017.01.23"]
[Round "1.12"]
[White "Derakhshani, Borna"]
[Black "Amgalanbaatar, Ravdanlkhumbuu"]
[Result "1/2-1/2"]
[WhiteElo "2195"]
[BlackElo "1988"]
[PlyCount "120"]
[EventDate "2017.01.23"]
[EventType "swiss"]
[EventRounds "5"]
[EventCountry "GGB"]
[SourceTitle "BritBase"]
[Source "www.saund.co.uk"]
[SourceDate "2018.02.10"]
[SourceVersion "1"]
[SourceVersionDate "2018.02.10"]
[SourceQuality "1"]

1. d4 d6 2. e4 Nf6 3. Nc3 c6 4. Be3 Qa5 5. Qd2 e5 6. Nf3 Bg4 7. h3 Bxf3 8. gxf3
b5 9. O-O-O b4 10. Nb1 Nbd7 11. f4 Nxe4 12. Qd3 d5 13. fxe5 Qxa2 14. Qa6 Qxa6
15. Bxa6 Rb8 16. Rhg1 f6 17. f3 Ng5 18. Bxg5 fxg5 19. Rxg5 g6 20. f4 Bh6 21.
Rg4 O-O 22. Rf1 c5 23. e6 Nf6 24. Rh4 Rb6 25. dxc5 Rxa6 26. Rxh6 Kg7 27. Rh4
Rxe6 28. f5 Re4 29. Rhf4 Rxf4 30. Rxf4 Ne4 31. Nd2 gxf5 32. c6 h5 33. Nf3 Kf6
34. Rh4 Rh8 35. Kd1 a5 36. b3 Ke6 37. Ke2 Kd6 38. Nd4 Ke5 39. Ke3 Ng3 40. c7
Rc8 41. Nb5 Ne4 42. Rxh5 Nd6 43. Nxd6 Kxd6 44. Kd4 Kxc7 45. Rxf5 Kb6 46. Rf2
Rh8 47. Rf3 Kc6 48. Ke5 Re8+ 49. Kd4 Re2 50. Kd3 Rh2 51. Rf6+ Kc5 52. Rh6 Kb5
53. Rh8 Kc5 54. h4 Rh3+ 55. Kd2 Rh2+ 56. Kc1 d4 57. h5 Kb6 58. h6 Kb7 59. h7
Ka7 60. Kd1 Kb7 1/2-1/2

[Event "Tradewise Gibraltar ChallWk1"]
[Site "Gibraltar"]
[Date "2017.01.23"]
[Round "1.13"]
[White "Cholleti, Sahajasri"]
[Black "Osuna Vega, Enrique"]
[Result "1/2-1/2"]
[WhiteElo "1987"]
[BlackElo "2181"]
[PlyCount "42"]
[EventDate "2017.01.23"]
[EventType "swiss"]
[EventRounds "5"]
[EventCountry "GGB"]
[SourceTitle "BritBase"]
[Source "www.saund.co.uk"]
[SourceDate "2018.02.10"]
[SourceVersion "1"]
[SourceVersionDate "2018.02.10"]
[SourceQuality "1"]

1. Nf3 c5 2. c4 Nc6 3. Nc3 Nf6 4. g3 g6 5. d4 cxd4 6. Nxd4 Bg7 7. Bg2 O-O 8.
O-O Qb6 9. Nb3 d6 10. Be3 Qd8 11. h3 Ne5 12. c5 Nc4 13. Bc1 dxc5 14. Qxd8 Rxd8
15. Nxc5 Rb8 16. b3 Nd7 17. Nxd7 Bxd7 18. bxc4 Bxc3 19. Rb1 b6 20. Ba3 Rbc8 21.
Rbc1 Bf6 1/2-1/2

[Event "Tradewise Gibraltar ChallWk1"]
[Site "Gibraltar"]
[Date "2017.01.23"]
[Round "1.14"]
[White "Aroven, Mikael"]
[Black "Ruiz Manrique, Joaquin"]
[Result "1-0"]
[WhiteElo "2172"]
[BlackElo "1986"]
[PlyCount "125"]
[EventDate "2017.01.23"]
[EventType "swiss"]
[EventRounds "5"]
[EventCountry "GGB"]
[SourceTitle "BritBase"]
[Source "www.saund.co.uk"]
[SourceDate "2018.02.10"]
[SourceVersion "1"]
[SourceVersionDate "2018.02.10"]
[SourceQuality "1"]

1. c4 e5 2. g3 g6 3. Bg2 Bg7 4. Nc3 d6 5. d3 f5 6. e4 Nf6 7. Nge2 c6 8. O-O O-O
9. Bd2 Be6 10. Qc1 fxe4 11. Nxe4 Nxe4 12. dxe4 Na6 13. Bg5 Bf6 14. Bh6 Re8 15.
h4 Qb6 16. b3 Rac8 17. Qd2 Be7 18. Kh2 Rcd8 19. Rad1 Nb8 20. Bg5 Qc7 21. Ng1 c5
22. f4 Bxg5 23. hxg5 Nc6 24. f5 Bf7 25. Qe2 Nd4 26. Qg4 Qd7 27. Bh3 Qe7 28. Rf2
a5 29. Rb1 b5 30. cxb5 Nxb5 31. Bf1 Nc7 32. Nf3 d5 33. Nd2 dxe4 34. f6 Qd7 35.
Qxd7 Rxd7 36. Nxe4 Rd4 37. Nxc5 Rg4 38. Nb7 Rxg5 39. Nd6 Rh5+ 40. Kg1 Rd8 41.
Nxf7 Kxf7 42. Bc4+ Kf8 43. Re1 Ne8 44. f7 Ng7 45. Rfe2 Rg5 46. Kf2 Rd6 47. Rxe5
Rd2+ 48. Kf1 Rf5+ 49. Rxf5 gxf5 50. Re5 a4 51. bxa4 Rd4 52. Bb3 Rd7 53. Rb5 Rd8
54. Re5 Nh5 55. Kg2 Nf6 56. Rxf5 Ne4 57. Rd5 Rc8 58. Re5 Nf6 59. a5 Rd8 60. a6
Ra8 61. Ra5 Ra7 62. Rb5 Nd7 63. Rb7 1-0

[Event "Tradewise Gibraltar ChallWk1"]
[Site "Gibraltar"]
[Date "2017.01.23"]
[Round "1.15"]
[White "Burke, Mitchell R"]
[Black "Alberto, Manuel"]
[Result "0-1"]
[WhiteElo "1975"]
[BlackElo "2168"]
[PlyCount "78"]
[EventDate "2017.01.23"]
[EventType "swiss"]
[EventRounds "5"]
[EventCountry "GGB"]
[SourceTitle "BritBase"]
[Source "www.saund.co.uk"]
[SourceDate "2018.02.10"]
[SourceVersion "1"]
[SourceVersionDate "2018.02.10"]
[SourceQuality "1"]

1. e4 e5 2. Nf3 Nc6 3. Bb5 Bc5 4. c3 Qf6 5. O-O Nge7 6. b4 Bb6 7. Na3 a6 8. Ba4
O-O 9. d3 d6 10. Nc4 Ba7 11. Ne3 h6 12. Bb3 Bd7 13. a4 Ng6 14. Nd5 Qd8 15. Ne1
Nce7 16. Qh5 Nxd5 17. Bxd5 c6 18. Qxg6 cxd5 19. Qxd6 dxe4 20. dxe4 Re8 21. Nf3
Re6 22. Qd3 Qe8 23. Be3 Bxe3 24. Qxe3 Bxa4 25. Nd2 Rd8 26. Rfe1 Red6 27. Nc4
Rd3 28. Qb6 Bb5 29. Ne3 Bc6 30. f3 Rxc3 31. Rad1 Rxd1 32. Rxd1 Kh7 33. Nd5 Rc2
34. Qe3 Ba4 35. Re1 Qd8 36. Rc1 Qc8 37. Rxc2 Qxc2 38. h3 Bc6 39. Kh2 Qc4 0-1

[Event "Tradewise Gibraltar ChallWk1"]
[Site "Gibraltar"]
[Date "2017.01.23"]
[Round "1.16"]
[White "Dolzhikova, Olga"]
[Black "Gostelow, David W"]
[Result "1-0"]
[WhiteElo "2164"]
[BlackElo "1970"]
[PlyCount "77"]
[EventDate "2017.01.23"]
[EventType "swiss"]
[EventRounds "5"]
[EventCountry "GGB"]
[SourceTitle "BritBase"]
[Source "www.saund.co.uk"]
[SourceDate "2018.02.10"]
[SourceVersion "1"]
[SourceVersionDate "2018.02.10"]
[SourceQuality "1"]

1. e4 c5 2. c3 Nf6 3. e5 Nd5 4. d4 cxd4 5. Qxd4 e6 6. Nf3 Nc6 7. Qe4 f5 8. Qe2
b5 9. g3 Qc7 10. Bg2 Bc5 11. O-O Rb8 12. Nbd2 O-O 13. Nb3 d6 14. exd6 Qxd6 15.
Nxc5 Qxc5 16. Re1 f4 17. Ng5 fxg3 18. hxg3 Nd8 19. Bd2 h6 20. Ne4 Qb6 21. b3
Ba6 22. Rac1 Rc8 23. Qh5 Rc7 24. Rcd1 Rcf7 25. Qe2 Bb7 26. Rf1 a6 27. c4 bxc4
28. bxc4 Nf6 29. Rb1 Qc7 30. Bf4 Qa5 31. Nxf6+ Rxf6 32. Bxb7 Nxb7 33. Rxb7 Rxf4
34. gxf4 Rxf4 35. Qxe6+ Kh7 36. Rb3 Qh5 37. Rg3 Rh4 38. Qd5 Qe2 39. Qd3+ 1-0

[Event "Tradewise Gibraltar ChallWk1"]
[Site "Gibraltar"]
[Date "2017.01.23"]
[Round "1.17"]
[White "Odeh, Kenneth"]
[Black "Paronen, Petteri"]
[Result "0-1"]
[WhiteElo "1969"]
[BlackElo "2164"]
[PlyCount "68"]
[EventDate "2017.01.23"]
[EventType "swiss"]
[EventRounds "5"]
[EventCountry "GGB"]
[SourceTitle "BritBase"]
[Source "www.saund.co.uk"]
[SourceDate "2018.02.10"]
[SourceVersion "1"]
[SourceVersionDate "2018.02.10"]
[SourceQuality "1"]

1. e4 c5 2. Nc3 Nc6 3. g3 g6 4. Bg2 Bg7 5. d3 d6 6. Be3 e5 7. Nge2 Nge7 8. O-O
O-O 9. Qd2 Be6 10. Bh6 Qd7 11. Bxg7 Kxg7 12. f4 f5 13. Nd5 Rae8 14. Rae1 h6 15.
a3 Nd4 16. c3 Nxe2+ 17. Rxe2 Bxd5 18. exd5 exf4 19. gxf4 Ng8 20. Rfe1 Rxe2 21.
Qxe2 Rf7 22. Qe8 Re7 23. Rxe7+ Qxe7 24. Qxe7+ Nxe7 25. Kf2 g5 26. Ke3 Kf6 27.
b4 b6 28. fxg5+ hxg5 29. d4 c4 30. b5 f4+ 31. Ke4 Nf5 32. Bf3 Ne3 33. h3 Nf1
34. Bg4 Nd2# 0-1

[Event "Tradewise Gibraltar ChallWk1"]
[Site "Gibraltar"]
[Date "2017.01.23"]
[Round "1.18"]
[White "Gonzalez Gonzalez, Alfonso"]
[Black "Spanton, Tim R"]
[Result "1-0"]
[WhiteElo "2162"]
[BlackElo "1964"]
[PlyCount "57"]
[EventDate "2017.01.23"]
[EventType "swiss"]
[EventRounds "5"]
[EventCountry "GGB"]
[SourceTitle "BritBase"]
[Source "www.saund.co.uk"]
[SourceDate "2018.02.10"]
[SourceVersion "1"]
[SourceVersionDate "2018.02.10"]
[SourceQuality "1"]

1. d4 d5 2. Bg5 f6 3. Bd2 Nc6 4. e3 Bf5 5. c4 e6 6. Nc3 a6 7. Rc1 Qd7 8. a3 Nh6
9. b4 Be7 10. Qb3 Rd8 11. Nge2 g5 12. h4 Nf7 13. Ng3 dxc4 14. Bxc4 Nd6 15. Be2
Bg6 16. hxg5 fxg5 17. Bg4 Nf5 18. Nge4 O-O 19. O-O h5 20. Be2 Bf7 21. b5 Ncxd4
22. exd4 Nxd4 23. Qd1 e5 24. Bxh5 Bb3 25. Qg4 Be6 26. Qg3 Nf5 27. Qxe5 Ng7 28.
Bg6 Bd6 29. Qxg5 1-0

[Event "Tradewise Gibraltar ChallWk1"]
[Site "Gibraltar"]
[Date "2017.01.23"]
[Round "1.19"]
[White "Mircov, Nicola-Alexandar"]
[Black "Severijnen, Arjon"]
[Result "0-1"]
[WhiteElo "1957"]
[BlackElo "2153"]
[PlyCount "70"]
[EventDate "2017.01.23"]
[EventType "swiss"]
[EventRounds "5"]
[EventCountry "GGB"]
[SourceTitle "BritBase"]
[Source "www.saund.co.uk"]
[SourceDate "2018.02.10"]
[SourceVersion "1"]
[SourceVersionDate "2018.02.10"]
[SourceQuality "1"]

1. e4 c5 2. Nf3 e6 3. d4 cxd4 4. Nxd4 Nf6 5. Nc3 Nc6 6. Ndb5 Bb4 7. a3 Bxc3+ 8.
Nxc3 d5 9. exd5 exd5 10. Bd3 O-O 11. O-O d4 12. Ne2 Bg4 13. f3 Bh5 14. b4 Qb6
15. Qd2 Rfd8 16. Bb2 a6 17. Rf2 Rd6 18. Re1 Bg6 19. Bxg6 hxg6 20. c3 d3 21. Nd4
a5 22. bxa5 Qxa5 23. Rd1 Ne5 24. f4 Ne4 25. Qe3 Nxf2 26. Qxf2 Nc6 27. Rxd3 Re8
28. h3 Nxd4 29. Rxd4 Rde6 30. Rd2 Qb5 31. Qd4 Re4 32. Qd7 Re1+ 33. Kh2 Qf1 34.
Qg4 Qg1+ 35. Kg3 Qe3+ 0-1

[Event "Tradewise Gibraltar ChallWk1"]
[Site "Gibraltar"]
[Date "2017.01.23"]
[Round "1.20"]
[White "Smith, Andrew Philip"]
[Black "Green, Per"]
[Result "0-1"]
[WhiteElo "2152"]
[BlackElo "1956"]
[PlyCount "66"]
[EventDate "2017.01.23"]
[EventType "swiss"]
[EventRounds "5"]
[EventCountry "GGB"]
[SourceTitle "BritBase"]
[Source "www.saund.co.uk"]
[SourceDate "2018.02.10"]
[SourceVersion "1"]
[SourceVersionDate "2018.02.10"]
[SourceQuality "1"]

1. e4 e6 2. d4 d5 3. e5 c5 4. Qg4 Qa5+ 5. c3 cxd4 6. Nf3 Nc6 7. Bd3 h5 8. Qg3
dxc3 9. bxc3 Nh6 10. O-O Nf5 11. Bxf5 exf5 12. c4 Be6 13. Bd2 Qb6 14. cxd5 Bxd5
15. Nc3 Be6 16. Rab1 Qa6 17. Bg5 Rc8 18. Bf4 h4 19. Qg5 Rh7 20. Bd2 Be7 21. Qe3
Nb4 22. Ng5 Nc2 23. Qf4 Rc4 24. Qf3 Nd4 25. Qd3 Bxg5 26. Bxg5 Rh5 27. Bd2 g5
28. Ne2 Nxe2+ 29. Qxe2 g4 30. Rfd1 h3 31. Bb4 Qc6 32. f3 Qb6+ 33. Qf2 Rxb4 0-1